000 00655nam a2200241Ia 4500
003 OSt
005 20221005092825.0
006 a|||||r|||| 00| 0
007 ta
008 221004b |||||||| |||| 00| 0 eng d
024 _a41254
037 _cTextual
040 _aCRL
_cCRL
_beng
041 _2eng
_aeng
082 _aO111,2wN4, L9(RR)
245 0 _aDramatic ed by James Vinson
260 _aNew York
_bSt Martin's Press
_c1979
300 _avi, 648p
_ccm.
490 _aGreat writers of the English language; 3
650 _aENGLISH LITERATURE
942 _hO111,2wN4, L9(RR)
_cTEXL
_2cc
999 _c999414
_d999414